000 00659nam a2200229Ia 4500
003 GCL
008 140319s9999 xx 000 0 ara d
020 _a5505324977
040 _aGCL /
_cGCL
082 0 4 _a953.071
_bج م
100 1 _aحسين مؤنس
245 1 0 _aمعالم تاريخ المغرب الاندلسى /
_cحسين مؤنس
260 _aالقاهرة :
_bدار الرشاد ،
_c1980
300 _a400 ص ؛
_c23سم
490 _a
650 0 4 _aالاندلس
650 0 4 _aالعرب فى اسبانيا
650 0 4 _aالمرابطون
650 0 4 _aالموحدون
650 0 4 _aفتح الاندلس
942 _2ddc
_cBK
999 _c29001
_d29001